000 00882cab a2200265 4500
001 WB3112-34
008 090401t1995 xxu||||| |||| 00| 0 eng d
035 _a(Sirsi) u35851
041 _aeng
245 _aLiability for mine waste
260 _c1995
350 _a0
490 _aFinancial Times
_v21 March 1995, 8(1)
520 _aProposals under the Environment Bill to make all landowners liable for pollution from old mines were defeated at third reading in the HL. Landowners who do not own or operate mines will be exempt from prosecution under the Water Resources Act 1991.
650 _aENVIRONMENT AGENCIES
650 _aENVIRONMENT BILL
650 _aLANDOWNERS
650 _aMINEWATER
650 _aPOLLUTION
650 _aWATER POLLUTION
650 _aWATER RESOURCES ACT 1991
690 _aMINING AND MINERALS
942 _n0
948 _c04/03/1997
999 _c23437
_d23437